Pengurusan Projek Sektor Awam : Dari Perspektif Praktikal / (Record no. 27198)

000 -LEADER
fixed length control field 00960nam a22002537a 4500
001 - CONTROL NUMBER
control field 0000003859
003 - CONTROL NUMBER IDENTIFIER
control field PPM
005 - DATE AND TIME OF LATEST TRANSACTION
control field 20260416123800.0
008 - FIXED-LENGTH DATA ELEMENTS--GENERAL INFORMATION
fixed length control field 260416b ||||| |||| 00| 0 eng d
020 ## - INTERNATIONAL STANDARD BOOK NUMBER
International Standard Book Number 9679933784
Terms of availability RM20.00
Qualifying information Paperback
035 ## - SYSTEM CONTROL NUMBER
System control number 0000003859
040 ## - CATALOGING SOURCE
Language of cataloging Malay
Transcribing agency Pusat Penyelidikan Mineral, Jabtan Mineral Dan Geosains Malaysia
Modifying agency PPM
Description conventions RDA
082 00 - DEWEY DECIMAL CLASSIFICATION NUMBER
Edition number 22
Classification number 354.595
Item number LEE 2000
100 1# - MAIN ENTRY--PERSONAL NAME
Personal name Lee, Kiyau Loo
Relator term author
245 10 - TITLE STATEMENT
Title Pengurusan Projek Sektor Awam : Dari Perspektif Praktikal /
Statement of responsibility, etc. oleh Lee Kiyau Loo
260 #1 - PUBLICATION, DISTRIBUTION, ETC.
Place of publication, distribution, etc. Kuala Lumpur :
Name of publisher, distributor, etc. Institut Tadbiran Awam Negara,
Date of publication, distribution, etc. 2000
300 00 - PHYSICAL DESCRIPTION
Extent xiv, 146 pages .:
Other physical details some colour, illustrations .;
Dimensions 21 cm
440 ## - SERIES STATEMENT/ADDED ENTRY--TITLE
Title Siri Pengurusan INTAN
504 ## - BIBLIOGRAPHY, ETC. NOTE
Bibliography, etc. note Mengandungi rujukan bibliografi (p.: 133 - 135 ) dan indeks (p.: 143 - 146 )
650 10 - SUBJECT ADDED ENTRY--TOPICAL TERM
Topical term or geographic name entry element Public administration
Geographic subdivision Malaysia
650 20 - SUBJECT ADDED ENTRY--TOPICAL TERM
Topical term or geographic name entry element Project management
Geographic subdivision Malaysia
710 2# - ADDED ENTRY--CORPORATE NAME
Corporate name or jurisdiction name as entry element Institut Tadbiran Awam Negara
942 ## - ADDED ENTRY ELEMENTS (KOHA)
Source of classification or shelving scheme
Koha item type Books
Holdings
Withdrawn status Lost status Source of classification or shelving scheme Damaged status Not for loan Collection code Permanent Location Current Location Shelving location Date acquired Cost, normal purchase price Total Checkouts Full call number Date last seen Price effective from Koha item type
Available         Open Shelf PPM PPM Open Shelf 16/04/2026 20.00   354.359 LEE 2000 16/04/2026 16/04/2026 Books